000 00772nas a2200265 4500
001 BR2011004212
003 BR-BrBNA
005 20231205115510.0
007 ta
008 230509b bl.|||p| |||| 00| 00por d
040 _aBR-BrBNA
_bpor
_cBiblioteca Nacional de Agricultura
041 _a(Pt)
072 _aH20
100 1 _aMay de Mio, L.L.
100 1 _aKowata, L.S.
100 1 _aRuaro, L.
245 1 _aResistência de cultivares de brássicas à hérnia das crucíferas
650 _aREPOLHO CHINÊS
650 _aBRÓCOLO
650 _aCOUVE-FLOR
650 _aDOENÇA DE PLANTA
773 0 _tScientia Agrária (Brazil)
_xISSN 1519-1125
_g(2008), v. 9(4) p. 569-573
_wBR2011004212
909 _a202311
_bLúcia
_c55
_dLúcia Elande
942 _2AGRIS
_n0
_cANA
999 _c214114
_d214114